Macedonia bordering countries - Statistics

General Stats
  • This quiz has been taken 586 times
  • The average score is 5 of 5
Answer Stats
Hint Answer % Correct
3 Greece
99%
1 Albania
98%
5 Serbia
98%
2 Bulgaria
97%
4 Kosovo
97%
No matching quizzes found
Score Distribution
Percent of People with Each Score
Percentile by Number Answered
Your Score History
You have not taken this quiz